Sports Quiz

Random Sports or Football Quiz

NFL Super Bowl MVP per Letter Quiz Stats

 Plays Quiz Updated Feb 3, 2019

Score 0/16 Timer 02:00
7 Plays Today
Letter MVP(s) % Correct
BBiletnikoff, Bradshaw, Brown, Brady, Branch, Brees
94%
MMartin, Montana, Manning, Manning, Miller
93.7%
SStarr, Staubach, Scott, Swann, Simms, Smith, Smith
81.2%
WWhite, Williams, Warner, Ward
74.4%
AAllen, Anderson, Aikman
70.3%
RRiggins, Rice, Rypien, Rodgers
67.8%
YYoung
66.9%
HHowley, Harris, Howard, Holmes
64%
Letter MVP(s) % Correct
EElway, Edelman
51.6%
DDawson, Dent, Davis
46.8%
JJackson
43.8%
NNamath
41.3%
LLewis
38.6%
FFlacco, Foles
36.6%
PPlunkett
17%
CCsonka
16.7%

You're not logged in!

Compare scores with friends on all Sporcle quizzes.
OR
Log In

Show Comments

Extras

Top Quizzes Today


Score Distribution

Your Account Isn't Verified!

In order to create a playlist on Sporcle, you need to verify the email address you used during registration. Go to your Sporcle Settings to finish the process.

Report this User

Report this user for behavior that violates our Community Guidelines.

Details: